| 000 | 00408nam a2200157 a 4500 | ||
|---|---|---|---|
| 005 | 20140310183323.0 | ||
| 008 | 060313s19uu xx 00 eng d | ||
| 020 | _a0425172996 | ||
| 050 |
_aPZ 7 _b.C771 2000 |
||
| 100 | _aCook, Robin | ||
| 245 |
_aVector / _cRobin Cook. |
||
| 260 |
_aNew York : _bThe Berkley Publishing Group, _c2000. |
||
| 300 |
_a395 p. : _c18 cm. |
||
| 942 |
_cBK _2lcc |
||
| 999 |
_c21461 _d21461 |
||